Medical 'Ologies Quiz - Statistics

General Stats
  • This quiz has been taken 58 times
  • The average score is 12 of 20
Answer Stats
Type Ology % Correct
1) Skin Dermatology
94%
9) Heart Cardiology
85%
2) Cancer Oncology
85%
6) Medical imaging Radiology
81%
10) Nervous system Neurology
75%
14) Mental processes Psychology
73%
4) Blood Hematology
69%
18) Urinary tract Urology
67%
8) Female reproduction Gynecology
63%
16) Viruses Virology
58%
17) Hormones Endocrinology
50%
11) Kidneys Nephrology
50%
7) Digestive system Gastroenterology
46%
15) Drugs Pharmacology
46%
12) Hearing Audiology
44%
20) Liver Hepatology
44%
13) Poisons Toxicology
42%
3) Eyes/vision care Opthalmology
33%
19) Lungs Pulmonology
31%
5) Body movement Kinesiology
25%
No matching quizzes found
Score Distribution
Percent of People with Each Score
Percentile by Number Answered
Your Score History
You have not taken this quiz